[Event "World Amateur-ch U1700 (Women)"]
[Site "Muscat"]
[Date "2023.11.05"]
[Round "4"]
[White "Ahmed, Najla"]
[Black "Shybi, Binoj"]
[Result "0-1"]
[WhiteElo "1128"]
[BlackElo "1650"]
[PlyCount "134"]
[EventDate "2023.11.02"]
[EventType "swiss"]
[EventRounds "9"]
[EventCountry "OMN"]
[SourceTitle "CB47_2023"]
[SourceDate "2023.11.22"]
[SourceVersion "1"]
[SourceVersionDate "2023.11.22"]
[SourceQuality "1"]

1. Nf3 Nc6 2. g3 d5 3. Bg2 e5 4. d3 h6 5. Nbd2 Nf6 6. e4 dxe4 7. dxe4 Bc5 8. 0-0 Be6 9. Qe2 a6 10. c3 b5 11. h3 Qd7 12. Kh2 Rd8 13. Nh4 Qd3 14. Qxd3 Rxd3 15. Nf5 0-0 16. f4 exf4 17. Rxf4 Bxf5 18. Rxf5 Bd6 19. Rf3 Ne5 20. Rxd3 Nxd3 21. Nb3 Nh5 22. Be3 Nxg3 23. Kg1 Nxb2 24. Bc5 Ne2+ 25. Kf1 Nxc3 26. Bxd6 cxd6 27. Rc1 Rc8 28. Rc2 Nbd1 29. Rc1 Ne3+ 30. Kf2 Ncd1+ 31. Kg3 Rxc1 32. Nxc1 Nxg2 33. Kxg2 Nc3 34. Kf3 Kf8 35. Ke3 Ke7 36. Kd4 Na4 37. Nd3 Nb6 38. Nb4 g5 39. Nxa6 h5 40. Nb4 g4 41. hxg4 hxg4 42. Nc2 Nc4 43. Ne1 Ke6 44. a4 bxa4 45. Kxc4 a3 46. Kb3 a2 47. Kxa2 Ke5 48. Kb2 Kxe4 49. Kc2 Ke3 50. Kc3 f5 51. Ng2+ Kf2 52. Nh4 f4 53. Kd3 d5 54. Kd4 f3 55. Kxd5 Kg3 56. Nf5+ Kf4 57. Nd4 f2 58. Ne2+ Kf3 59. Nd4+ Kg2 60. Nc2 f1Q 61. Ne3+ Kf2 62. Nxf1 Kxf1 63. Ke4 g3 64. Kf3 g2 65. Kg3 g1Q+ 66. Kh4 Kf2 67. Kh5 Kf3 0-1

[Event "Asia-ch Amateur (Women)"]
[Site "Muscat"]
[Date "2022.10.04"]
[Round "8"]
[White "Rouda Essa, Alserkal"]
[Black "Shybi, Binoj"]
[Result "1/2-1/2"]
[WhiteElo "1893"]
[BlackElo "1402"]
[PlyCount "98"]
[EventDate "2022.09.29"]
[EventType "swiss"]
[EventRounds "9"]
[EventCountry "OMN"]
[SourceTitle "CBM 210 Extra"]
[Source "ChessBase"]
[SourceDate "2022.11.30"]
[SourceVersion "1"]
[SourceVersionDate "2022.11.30"]
[SourceQuality "1"]

1. e4 e5 2. Nf3 Nc6 3. Bb5 a6 4. Ba4 d6 5. 0-0 Bg4 6. c3 Nf6 7. Re1 Be7 8. Bxc6+ bxc6 9. d4 exd4 10. cxd4 d5 11. e5 Ne4 12. Qa4 Bd7 13. Qa5 0-0 14. Nbd2 Bf5 15. Nf1 f6 16. Bf4 Rb8 17. Re2 Rb6 18. Ng3 Nxg3 19. fxg3 Be4 20. Rf2 Qb8 21. Rc1 Qa7 22. Qa4 Qb7 23. Be3 Rb5 24. Nd2 Bg6 25. Nb3 Qb6 26. exf6 gxf6 27. Nc5 Bxc5 28. dxc5 Qb7 29. Bh6 Rxb2 30. Rxb2 Qxb2 31. Qxc6 Be4 32. Qe6+ Kh8 33. Qh3 Re8 34. g4 Bg6 35. Qf3 Be4 36. Qg3 d4 37. Qf2 Qxf2+ 38. Kxf2 Bg6 39. Rc4 d3 40. Be3 Rb8 41. Rd4 Rb2+ 42. Kf3 Rxa2 43. Bh6 Re2 44. Rd7 c6 45. Ra7 Kg8 46. Rg7+ Kh8 47. Ra7 Kg8 48. Rg7+ Kh8 49. Ra7 Kg8 1/2-1/2